Movies Quiz

Random Movies or Quote Quiz
Score 0/27 Timer 06:00
1 Play Today
Quote % Correct
Great _____Scott!!!!
89.7%
Well, that is your name, isn't it? ____ _____? It's written all over your underwear. Calvin Klein
79.3%
Wait a minute, Doc. Ah... Are you telling me that you built a time machine... out of a _______ DeLorean?!?
76.4%
When this baby hits ____ mph... you're gonna see some serious $#!T88
76.1%
The appropriate question is, *_____* 'the hell are they?When
69.3%
You see, ________ has just become the world's first time-traveler!Einstein
65.7%
______? Where we're going, we don't need ______. Roads
63%
1.21 _________Gigawatts!!!!!
58.4%
Since you're new here, I-I'm gonna cut you a break... today. So, why don't you make like a tree and......get outta here!
58.1%
Well... You're safe and sound now, back in good old _____.1955
57.3%
I don't know what it is, but when I'm kissing you, it's like I'm kissing...my brother
57.2%
Last night, ____ _____ came down from planet Vulcan and told me that if I didn't take Lorraine out that he'd melt my brain. Darth Vader
55.8%
Unfortunately no, it requires something with a little more kick - _______.Plutonium
55.2%
If we could somehow... *harness* this lightning... *channel* it... into the _____ _______... it just might work.Flux Capacitor
52.6%
Quote % Correct
There's that word again; '______'. Why are things so _____ in the future?Heavy
50.9%
Of course! The _________ _____ ____ ____ dance! They're supposed to go to this. That's where they kiss for the first time.Enchantment Under the Sea
49.9%
So you're my ____ ____. Better get used to these bars, kid.Uncle Joey
41.8%
I've never seen ______ underwear before!Purple
40.5%
Yes. Yes. I'm George, George McFly. I'm your_______. Density
39%
Lou. Give me a milk... [dramatic pause] __________Chocolate!
38.6%
What are you looking at _________? Butthead
37.8%
Jesus, George, it was a wonder... ...I was even born
31.3%
I can't believe you'd *loan* me your car without telling me it had a ____ ____. I could've been killed!Blind Spot
29.4%
That's ________? Jesus. Didn't that guy ever have hair? Strickland
27.2%
Hey, you! Get your ... damn hands off her!
26.3%
Biff just happens to be my supervisor, and I'm afraid I'm just not very good at _________.Confrontations
24.1%
No wonder your president has to be an actor, he's gotta... ...look good on television.
20.9%
Remove Ads.
Support Sporcle.
Get the best of Sporcle when you Go Orange. This ad-free experience offers more features, more stats, and more fun while also helping to support Sporcle. Thank you for becoming a member.

You're not logged in!

Compare scores with friends on all Sporcle quizzes.
OR
Log In

Show Comments

Extras

Top Quizzes Today


Score Distribution

Your Account Isn't Verified!

In order to create a playlist on Sporcle, you need to verify the email address you used during registration. Go to your Sporcle Settings to finish the process.

Report this User

Report this user for behavior that violates our Community Guidelines.

Details: